Las memorias de Goron, ex jefe de la policía de París / (Record no. 68887)

MARC details
000 -LEADER
campo de control de longitud fija 00568nam a2200169 i 4500
001 - NÚMERO DE CONTROL
campo de control 68887
003 - IDENTIFICADOR DE NÚMERO DE CONTROL
campo de control ES-MaACL
007 - CAMPO FIJO DE DESCRIPCIÓN FÍSICA--INFORMACIÓN GENERAL
campo de control de longitud fija t|
008 - DATOS DE LONGITUD FIJA--INFORMACIÓN GENERAL
campo de control de longitud fija 040722s1906 sp ||||1| spa d
100 1# - ENTRADA PRINCIPAL--NOMBRE DE PERSONA
Nombre de persona Goron, Marie-François.
9 (RLIN) 59206
245 14 - MENCIÓN DEL TÍTULO
Título Las memorias de Goron, ex jefe de la policía de París /
Mención de responsabilidad, etc. Marie François Goron ; traducción de Ricardo Vinuesa ; ilustraciones de Rojas.
250 ## - MENCION DE EDICION
Mención de edición 4ª ed.
260 ## - PUBLICACIÓN, DISTRIBUCIÓN, ETC.
Lugar de publicación, distribución, etc. Madrid :
Nombre del editor, distribuidor, etc. Sènz de Jubera,
Fecha de publicación, distribución, etc. 1906 (
Fabricante Ricardo Rojas)
300 ## - DESCRIPCIÓN FÍSICA
Extensión 232 p. ;
Dimensiones 19 cm.
700 1# - ENTRADA AGREGADA--NOMBRE PERSONAL
Nombre de persona Vinuesa, Ricardo.
9 (RLIN) 115344
852 ## - LOCALIZACIÓN
Ubicación ES-MaACL
Número de control de estantería C-7386
Holdings
Estatus retirado Estado de pérdida Estado de daño No para préstamo Biblioteca de origen Biblioteca actual Ubicación en estantería Fecha de adquisición Fuente de adquisición Total de préstamos Signatura topográfica completa Código de barras Visto por última vez Precio de reemplazo Tipo de ítem Koha
        Biblioteca del Ateneo de Madrid Biblioteca del Ateneo de Madrid Sala Palomar 17/01/2008     C-7386 1072135 23/02/2023 23/02/2023 Libro impreso